The diversion of mentally ill persons from jails to community-based services: a profile of programs

Gespeichert in:  
Bibliographische Detailangaben
VerfasserInnen: Steadman, Henry J. (Verfasst von) ; Morris, Suzanne M. (Verfasst von) ; Dennis, Deborah L. (Verfasst von)
Medienart: Druck Aufsatz
Sprache:Englisch
Veröffentlicht: 1995
In: AJPH
Jahr: 1995, Band: 85, Heft: 12, Seiten: 1630-1635
Verfügbarkeit prüfen: HBZ Gateway
Schlagwörter:

MARC

LEADER 00000caa a22000002c 4500
001 1639210393
003 DE-627
005 20220608124407.0
007 tu
008 160223s1995 xx ||||| 00| ||eng c
035 |a (DE-627)1639210393 
035 |a (DE-576)455799687 
035 |a (DE-599)BSZ455799687 
040 |a DE-627  |b ger  |c DE-627  |e rakwb 
041 |a eng 
100 1 |a Steadman, Henry J.  |4 aut 
245 1 4 |a The diversion of mentally ill persons from jails to community-based services: a profile of programs  |c Henry J. Steadman, Suzanne M. Morris, Deborah L. Dennis 
264 1 |c 1995 
336 |a Text  |b txt  |2 rdacontent 
337 |a ohne Hilfsmittel zu benutzen  |b n  |2 rdamedia 
338 |a Band  |b nc  |2 rdacarrier 
700 1 |a Morris, Suzanne M.  |4 aut 
700 1 |a Dennis, Deborah L.  |4 aut 
773 0 8 |i In  |t AJPH  |d Washington, DC : APHA, 1911  |g 85(1995), 12, Seite 1630-1635  |w (DE-627)129295396  |w (DE-600)121100-6  |w (DE-576)014488671  |x 0090-0036  |7 nnas 
773 1 8 |g volume:85  |g year:1995  |g number:12  |g pages:1630-1635 
935 |a mkri 
951 |a AR 
ELC |b 1 
LOK |0 000 xxxxxcx a22 zn 4500 
LOK |0 001 3299583395 
LOK |0 003 DE-627 
LOK |0 004 1639210393 
LOK |0 005 20160223094846 
LOK |0 008 160208||||||||||||||||ger||||||| 
LOK |0 040   |a DE-21-110  |c DE-627  |d DE-21-110 
LOK |0 689   |a s  |a Diversion 
LOK |0 689   |a s  |a Geisteskranke Straftäter 
LOK |0 852   |z Kein Bestand am IfK; Nachweis für KrimDok 
LOK |0 852   |a DE-21-110 
LOK |0 852 1  |m v  |9 00 
LOK |0 935   |a k110 
LOK |0 938   |k v 
LOK |0 939   |a 08-02-16  |b l01 
ORI |a SA-MARC-krimdoka001.raw